| 000 | 00749nam a2200229Ii 4500 | ||
|---|---|---|---|
| 003 | JO-AjNU | ||
| 008 | 230605s9999||||xx |||||||||||||| ||und|| | ||
| 017 | _a2004/2356 | ||
| 020 | _a977-345-601-3 | ||
| 040 |
_aJO-AjNU _bara _erda _cJO-AjNU |
||
| 041 | _aara | ||
| 050 | 1 | 4 | _aHF 5415 .13.2011 |
| 100 | 3 |
_aك.ر.مورجان؛اعداد:قسم الترجمة بدار الفاروق, _eauthor _932239 |
|
| 245 | 0 | 0 | _aاساليب التسويق عبر الانترنت |
| 250 | _aط 2 | ||
| 264 | 3 | 1 | _aالقاهرة:دار الفاروق للنشر والتوزيع؛2011 |
| 300 | _a64ص | ||
| 336 |
_atext _btxt _2rdacontent |
||
| 337 |
_aunmediated _bn _2rdamedia |
||
| 338 |
_avolume _bnc _2rdacarrier |
||
| 650 | 4 |
_aالتسويق _932240 |
|
| 999 |
_aA12990 _c16558 _d16558 |
||